Entrada Término temático
Número de registros utilizados en: 1
001 - NÚMERO DE CONTROL
003 - IDENTIFICADOR DEL NÚMERO DE CONTROL
- campo de control:
DR-UNIBE
005 - FECHA Y HORA DE LA ÚLTIMA TRANSACCIÓN
- campo de control:
20250508100535.0
008 - DATOS DE LONGITUD FIJA
- campo de control de longitud fija:
250508|| aca||aabn | a|a d
040 ## - FUENTE DE LA CATALOGACIÓN
- Centro catalogador/agencia de origen:
DR-UNIBE
- Centro/agencia transcriptor:
DR-UNIBE
650 ## -
- :
Abogados Costarricences
670 ## - FUENTE DE DATOS ENCONTRADOS
- Cita de la fuente:
Work cat.: (DR-UNIBE)113575: Instituto Interamericano de Derechos Humanos (IIDH) 23506 autor, Justicia, libertad y derechos humanos : ensayos en homenaje a Rodolfo E. Piza Escalante /, 2003